000 00504nam a22001817a 4500
003 LC
005 20151202100349.0
008 151202b xxu||||| |||| 00| 0 eng d
020 _a9782090381269
050 _aPC 2445 .M669 2010
100 _aMiquel, Claire
245 _aVocabulaire progressive du francais
_cClaire Miquel
250 _a2nd edition
260 _bCLE International
_c2010
300 _a175 pages.,
_bcol.,ill., + CD ROM
_c27 cm.
500 _aIncludes index
942 _2lcc
_cBK
999 _c288997
_d288997